000 01331pamaa22003852i 4500
001 3399457
003 EG-GICUC
005 20260514151051.0
008 891011s1990 nyua jrb 001 0 eng
010 _a 89028896
020 _a0471524115 :
_c$32.95
020 _a9780471524113
040 _aDLC
_cDLC
_dDLC
_dEG-GICUC
_beng
_erda
082 0 0 _a005.133
_221
_bSm613
092 0 4 _221
_a005.133
_bSm613
099 _a005.133 Sm613
100 1 _aSmith, Jerry D.,
_d1951-
_eAuthor.
245 1 0 _aReusability and software construction :
_bC and C++ /
_cJerry D. Smith.
264 _aNew York :
_bWiley,
_cc1990.
300 _axvii, 542 pages :
_bilustration ;
_c24 cm.
336 _atext
_btxt
_2rdacontent
337 _aunmediated
_bn
_2rdamedia
338 _avolume
_bnc
_2rdacarrier
500 _aCover title: Reusability & software construction.
504 _aIncludes bibliographical references (p. 529-531) and index.
541 _aوزارة الثقافة ؛
_bالقاهرة ؛
_cإهداء ؛
_d2023.
650 0 _aC (Computer program language)
650 0 _aC++ (Computer program language)
650 0 _aComputer software
_xReusability.
_2qrmak
650 0 _aComputer software
_xDevelopment.
651 1 _2qrmak
740 0 _aReusability & software construction.
905 _aSamah
942 _2ddc
_cBK
_e21
_n0
999 _c180164
_d180164